LEADER 00791nam0 2200253 450 001 000001648 005 20050630115400.0 100 $a--------d1977----km-y0itay50------ba 101 $aita 102 $aIT 200 1 $a<>sindacato difficile$fLorenzo Scheggi Merlini 210 $aRoma$cBuffetti$d[1977] 215 $a211 p.$d20 cm 225 2 $aProblemi d'oggi 300 $aIn cop.: dieci anni di movimento sindacale prima durante e dopo l'autunno caldo 410 0$12001$aProblemi d'oggi 610 1 $aSindacati$aItalia$a1963-1973 676 $a331.88 700 1$aScheggi Merlini,$bLorenzo$0248231 801 0$aIT $bUNIPARTHENOPE $gRICA $2UNIMARC 912 $a000001648 951 $cNAVA1$aPO 330/5$b19802$d20000915 996 $aSindacato difficile$9614227 997 $aUNIPARTHENOPE LEADER 00808nam0-2200289 --450 001 9910472856703321 005 20210527095919.0 010 $a978-88-575-1404-8 100 $a20210527d2012----kmuy0itay5050 ba 101 0 $aita$afre 102 $aIT 105 $ay f 001yy 200 1 $a<>grande paese$estudi sulla storia e la cultura russe$fAldo Ferrari 210 $aMilano$aUdine$cMimesis$d2012 215 $a208 p.$d21 cm 225 1 $aS?mory$v29 610 0 $aRussia$aCultura 610 0 $aRussia$aStoria 676 $a947$v22$zita 700 1$aFerrari,$bAldo$f<1961- >$0327203 801 0$aIT$bUNINA$gREICAT$2UNIMARC 901 $aBK 912 $a9910472856703321 952 $aCOLLEZ. 2727 (29)$b3783/2020$fFSPBC 959 $aFSPBC 996 $aGrande paese$91780390 997 $aUNINA